000 00260nam a2200109Ia 4500
008 240625s9999 xx 000 0 und d
041 _aeng
082 _a658.404 MIC
100 _aMICROSOFT
245 _aMICROSOFT OFFICE PROJECT PROFESSIONAL 20
260 _c2003
999 _c34053
_d34053